STN 33 2160: 2024, Ochrana oznamovacích vedení a zariadení pred nebezpečnými vplyvmi trojfázových vedení VN, VVN a ZVN

Podrobná bibliografia
Hlavný autor: Dittrych, Peter (Autor)
Médium: Kniha
Jazyk:slovenčina
Fyzický popis:76 strán grafy, obrázky, schémy, tabuľky, vzorce 30 cm
Vydavateľské údaje: Bratislava Úrad pre normalizáciu, metrológiu a skúšobníctvo Slovenskej republiky 2024
Predmet:

MARC

LEADER 00000cam a2200000 a 4500
001 vtls012261831
003 SK-MaSNL
005 20260301232008.0
008 240807s2024 xo dal f u 000 0 slo
015 |a SNBN2025 
040 |a SNK  |b slo  |c SNK  |e AACR2 
041 0 |a slo 
044 |a xo  |c SK 
046 |a s  |m 20240801 (účin.) 
072 7 |a 621.3  |x Elektrotechnika  |2 konspekt 
080 |a 621.3  |2 2011 
080 |a 006.7/.8  |2 2011 
080 |a (437.6)  |2 2011 
080 |a (4)  |2 2011 
084 |a 29.060.10  |2 ICS 
084 |a 33.040.50  |2 ICS 
084 |a 33.06.40  |2 ICS 
245 0 0 |a STN 33 2160: 2024, Ochrana oznamovacích vedení a zariadení pred nebezpečnými vplyvmi trojfázových vedení VN, VVN a ZVN 
246 1 0 |a Ochrana oznamovacích vedení a zariadení pred nebezpečnými vplyvmi trojfázových vedení VN, VVN a ZVN 
260 |a Bratislava  |b Úrad pre normalizáciu, metrológiu a skúšobníctvo Slovenskej republiky  |c 2024 
300 |a 76 strán  |b grafy, obrázky, schémy, tabuľky, vzorce  |c 30 cm 
500 |a Súbežný názov v angličtine, francúzštine, nemčine 
500 |a Spracovateľ: ŽSR - Výskumný a vývojový ústav železníc Žilina, Peter Dittrych 
500 |a Táto slovenská technická norma nahrádza STN 33 2160 z apríla 1993 v celom rozsahu 
504 |a Súvisiace právne predpisy na strane 2 
540 |a STN vydané na akomkoľvek nosiči sa môžu rozmnožovať a rozširovať iba so súhlasom určenej právnickej osoby  |b SÚTN Bratislava  |c zákon 60/2018 Z. z. 
650 0 7 |a elektrotechnika  |2 SNKPH  |9 3619 
650 0 7 |a technické normy a štandardy  |z Slovensko  |2 SNKPH  |9 79594 
650 0 7 |a technické normy a štandardy  |z krajiny Európskej únie  |2 SNKPH  |9 289341 
650 0 7 |a oznamovacie vedenia  |2 SNKPH  |9 513826 
650 0 7 |a Electric engineering  |2 SNKPHeng  |9 266630 
655 7 |a normy  |2 SNKPH  |9 70643 
700 1 |a Dittrych, Peter  |4 aut  |9 414721 
710 1 |a Slovensko.  |b Úrad pre normalizáciu, metrológiu a skúšobníctvo  |4 stn  |9 158117 
710 2 |a Slovenský ústav technickej normalizácie (Bratislava, Slovensko).  |b Technická komisia č. 83 Elektrické a elektronické aplikácie pre dráhy  |4 stn  |9 414722 
710 2 |a ŽSR - Výskumný a vývojový ústav železníc Žilina (Žilina, Slovensko)  |4 stn  |9 414723 
999 |c 960117  |d 962047 
952 |a SNK  |b SNK  |y PREZ  |7 0  |p 17A1538445  |o snkSTN 33 2160  |i snk2025/2163  |8 0  |0 0  |1 0  |4 0  |d 2025-02-09  |l 0  |r 2026-02-24 10:16:34  |w 2026-02-24